000 00324nam a22001457a 4500
008 211012b ||||| |||| 00| 0 eng d
020 _a9781464163500
041 _aeng
080 _22nd
_a159.9
082 _a159.9
100 _a48
101 _aPSI
245 _aIntroducing Psychology
_cSchacter,D.L
942 _2udc
_cBK
999 _c58162
_d58162